UM Logo

Accurate modeling of the vhf resonant boost converter considering multiple parasitic parameter / (Record no. 21459)

MARC details
000 -LEADER
fixed length control field 01057nam a22002537a 4500
003 - CONTROL NUMBER IDENTIFIER
control field OSt
005 - DATE AND TIME OF LATEST TRANSACTION
control field 20250407075928.0
008 - FIXED-LENGTH DATA ELEMENTS--GENERAL INFORMATION
fixed length control field 240910b ||||| |||| 00| 0 eng d
040 ## - CATALOGING SOURCE
Transcribing agency 0
082 ## - DEWEY DECIMAL CLASSIFICATION NUMBER
Classification number DPer 621.317 Ie21 December 2022 v.37 n. 12 part 1&2.
100 ## - MAIN ENTRY--PERSONAL NAME
Personal name Zeng, Libin
Relator term author.
9 (RLIN) 60597
245 ## - TITLE STATEMENT
Title Accurate modeling of the vhf resonant boost converter considering multiple parasitic parameter /
Statement of responsibility, etc. Libin Zeng, Yanfeng Chen, Bo Zhang, and Dongyuan Qiu.
260 ## - PUBLICATION, DISTRIBUTION, ETC. (IMPRINT)
Place of publication, distribution, etc. New York ;
Name of publisher, distributor, etc. The Institute of Electrical and Electronics Engineers, Inc.,
Date of publication, distribution, etc. December 2022.
300 ## - PHYSICAL DESCRIPTION
Extent volume 37, pages 14902-14915,
Other physical details illustration.
500 ## - GENERAL NOTE
General note IEEE Transactions on Power Electronics, v. 37 n. 12, pages 14902-14915, December 2022.
650 #0 - SUBJECT ADDED ENTRY--TOPICAL TERM
Topical term or geographic name as entry element Boost converter.
9 (RLIN) 66167
650 #0 - SUBJECT ADDED ENTRY--TOPICAL TERM
Topical term or geographic name as entry element parasitic parameters.
9 (RLIN) 66168
650 #0 - SUBJECT ADDED ENTRY--TOPICAL TERM
Topical term or geographic name as entry element very high frequency.
9 (RLIN) 66169
700 ## - ADDED ENTRY--PERSONAL NAME
Personal name Zeng, Libin
Relator term author.
9 (RLIN) 60597
700 ## - ADDED ENTRY--PERSONAL NAME
Personal name Chen, Yanfeng.
Relator term author.
9 (RLIN) 60598
700 ## - ADDED ENTRY--PERSONAL NAME
Personal name Zhang, Bo.
Relator term author.
9 (RLIN) 60599
700 ## - ADDED ENTRY--PERSONAL NAME
Personal name Qiu, Dongyuan
Relator term author.
9 (RLIN) 60600
942 ## - ADDED ENTRY ELEMENTS (KOHA)
Source of classification or shelving scheme Dewey Decimal Classification
Koha item type Periodicals
Holdings
Withdrawn status Lost status Source of classification or shelving scheme Damaged status Not for loan Collection code Home library Current library Date acquired Total Checkouts Full call number Date last seen Price effective from Koha item type Public note
    Dewey Decimal Classification     Periodicals UM Digos College - LIC UM Digos College - LIC 09/10/2024   DPer 621.317 Ie21 December 2022 v.37 n. 12 part 1&2. 09/10/2024 09/10/2024 Periodicals Periodical Article